ARRUPE JESUIT UNIVERSITY

CORONAVIRUS -STOP THE SPREAD - CLEAN,DISINFECT,COVER

Slavery by any other name : (Record no. 130405)

MARC details
000 -LEADER
fixed length control field 02490cam a22004454a 4500
001 - CONTROL NUMBER
control field 16909877
003 - CONTROL NUMBER IDENTIFIER
control field ARRUPE
005 - DATE AND TIME OF LATEST TRANSACTION
control field 20200312123431.0
008 - FIXED-LENGTH DATA ELEMENTS--GENERAL INFORMATION
fixed length control field 110803s2012 vauabf b 001 0 eng c
010 ## - LIBRARY OF CONGRESS CONTROL NUMBER
LC control number 2011032979
020 ## - INTERNATIONAL STANDARD BOOK NUMBER
International Standard Book Number 9780813932729 (cloth : alk. paper)
020 ## - INTERNATIONAL STANDARD BOOK NUMBER
International Standard Book Number 0813932726 (cloth : alk. paper)
020 ## - INTERNATIONAL STANDARD BOOK NUMBER
International Standard Book Number 9780813932750 (ebook)
020 ## - INTERNATIONAL STANDARD BOOK NUMBER
International Standard Book Number 0813932750 (ebook)
035 ## - SYSTEM CONTROL NUMBER
System control number (OCoLC)ocn746712294
040 ## - CATALOGING SOURCE
Original cataloging agency IEN/DLC
Language of cataloging eng
Transcribing agency DLC
Modifying agency YDX
-- BTCTA
-- YDXCP
-- BDX
-- DLC
042 ## - AUTHENTICATION CODE
Authentication code pcc
043 ## - GEOGRAPHIC AREA CODE
Geographic area code f-mz---
-- e-po---
-- f------
050 00 - LIBRARY OF CONGRESS CALL NUMBER
Classification number HD4875.M85
Item number A45 2012
082 00 - DEWEY DECIMAL CLASSIFICATION NUMBER
Classification number 331.117309679
Edition number 23
300 ## - PHYSICAL DESCRIPTION
Other physical details ill., maps ;
Dimensions 24 cm.
100 1# - MAIN ENTRY--PERSONAL NAME
Personal name Allina-Pisano, Eric.
9 (RLIN) 49634
245 10 - TITLE STATEMENT
Title Slavery by any other name :
Remainder of title African life under company rule in colonial Mozambique /
Statement of responsibility, etc Eric Allina.
260 ## - PUBLICATION, DISTRIBUTION, ETC. (IMPRINT)
Place of publication, distribution, etc Charlottesville :
Name of publisher, distributor, etc University of Virginia Press,
Date of publication, distribution, etc 2012.
300 ## - PHYSICAL DESCRIPTION
Extent xiii, 255 p., [10] p. of plates :
490 1# - SERIES STATEMENT
Series statement Reconsiderations in southern African history
504 ## - BIBLIOGRAPHY, ETC. NOTE
Bibliography, etc Includes bibliographical references and index.
505 0# - FORMATTED CONTENTS NOTE
Formatted contents note Ending slavery and creating empire in Africa: from the "Indelible stain" to the "light of civilization" -- From law to practice: "certain excesses of severity" -- The critiques and defenses of modern slavery: from without and within, above and below -- Mobility and tactical flight: of workers, chiefs, and villages -- Targeting chiefs: from "fictitious obedience" to "extraordinary political disorder" -- Seniority and subordination: disciplining youth and controlling women's labor -- An "absolute freedom" circumscribed and circumvented: "Employers chosen of their own free will" -- Upward mobility: "improvement of one's social condition" -- Conclusion: forced labor's legacy.
610 20 - SUBJECT ADDED ENTRY--CORPORATE NAME
Corporate name or jurisdiction name as entry element Companhia de Moçambique
General subdivision History.
9 (RLIN) 49635
650 #0 - SUBJECT ADDED ENTRY--TOPICAL TERM
Topical term or geographic name as entry element Forced labor
Geographic subdivision Mozambique
General subdivision History.
9 (RLIN) 49636
650 #0 - SUBJECT ADDED ENTRY--TOPICAL TERM
Topical term or geographic name as entry element Labor policy
Geographic subdivision Mozambique
General subdivision History.
9 (RLIN) 49637
651 #0 - SUBJECT ADDED ENTRY--GEOGRAPHIC NAME
Geographic name Mozambique
General subdivision History
Chronological subdivision 1891-1975.
9 (RLIN) 3227
651 #0 - SUBJECT ADDED ENTRY--GEOGRAPHIC NAME
Geographic name Mozambique
General subdivision Economic conditions
Chronological subdivision To 1975.
9 (RLIN) 49638
651 #0 - SUBJECT ADDED ENTRY--GEOGRAPHIC NAME
Geographic name Portugal
General subdivision Colonies
Geographic subdivision Africa
General subdivision Administration.
9 (RLIN) 49639
830 #0 - SERIES ADDED ENTRY--UNIFORM TITLE
Uniform title Reconsiderations in southern African history.
9 (RLIN) 3804
856 42 - ELECTRONIC LOCATION AND ACCESS
Materials specified Book review (H-Net)
Uniform Resource Identifier <a href="http://www.h-net.org/reviews/showrev.php?id=38359">http://www.h-net.org/reviews/showrev.php?id=38359</a>
856 42 - ELECTRONIC LOCATION AND ACCESS
Materials specified Book review (H-Net)
Uniform Resource Identifier <a href="http://www.h-net.org/reviews/showrev.php?id=41933">http://www.h-net.org/reviews/showrev.php?id=41933</a>
906 ## - LOCAL DATA ELEMENT F, LDF (RLIN)
a 7
b cbc
c orignew
d 1
e ecip
f 20
g y-gencatlg
942 ## - ADDED ENTRY ELEMENTS (KOHA)
Source of classification or shelving scheme Library of Congress Classification
Koha item type Monograph ( Printed materials)
Holdings
Withdrawn status Lost status Source of classification or shelving scheme Damaged status Not for loan Collection code Home library Current library Shelving location Date acquired Total Checkouts Full call number Barcode Date last seen Date checked out Price effective from Koha item type
    Library of Congress Classification     Main Collection ARRUPE LIBRARY ARRUPE LIBRARY Main Collection 12/03/2020 1 HD4875.M85 A45 2012 46600006729 06/09/2021 20/08/2021 12/03/2020 Monograph ( Printed materials)

 

Arrupe Library. PO Box MP320 Mt Pleasant, Harare, Zimbabwe
263 242 745411|librarian@aju.ac.zw